| 000 | 02214cam a22005414i 4500 | ||
|---|---|---|---|
| 003 | PE-LiUPU | ||
| 005 | 20250731180155.0 | ||
| 008 | 150616s r 000 0 d | ||
| 020 | _a0070796637 | ||
| 035 | _a(Sirsi) i9780070796638 | ||
| 040 |
_aPE-LiUPU _bspa _cPE-LiUPU _erda |
||
| 049 | _aPRUA | ||
| 082 | 0 | 4 |
_a536.7 _bH79 _221 |
| 100 | 1 |
_aHowell, John R., _eautor. |
|
| 245 | 1 | 0 |
_aPrincipios de Termodinámica para Ingeniería / _cJohn R. Howell; Richard O. Buckius; Ileana Velasco Ayala. |
| 264 | 1 |
_aMéxico D.F. : _bLitografía Maico, _c1990. |
|
| 300 |
_a713 páginas : _bilustraciones (gráficos) ; _c23 centímetros |
||
| 336 |
_atext _2rdacontent |
||
| 337 |
_aunmediated _2rdamedia |
||
| 338 |
_avolume _2rdacarrier |
||
| 505 | 0 | _aEnergía y transferencia de energía.- Propiedades de sustancias usuales.- Primera ley de la termodinámica.- Entropía y segunda ley de la termodinámica.- Ciclos termodinámicos y sistemas energéticos usuales.- Análisis mediante la segunda ley de la termodinámica.- Relaciones generales entre propiedades y ecuaciones de estado.- Sistemas multicomponentes sin reacción química.- Reacciones químicas y combustión.- Equilibrio de fases y equilibrio químico.- Introducción a la termodinámica microscópica. | |
| 526 | _aSEG44 | ||
| 526 | _aSEG26 | ||
| 526 | _aP159 | ||
| 526 | _aP155 | ||
| 526 | _aP154 | ||
| 526 | _aP153 | ||
| 526 | _aP150 | ||
| 526 | _aP100 | ||
| 526 | _aP31 | ||
| 526 | _aP30 | ||
| 526 | _aP26 | ||
| 526 | _aP25 | ||
| 526 | _aP24 | ||
| 526 | _aP22 | ||
| 526 | _aP15 | ||
| 526 | _aP10 | ||
| 650 | 0 | 4 | _aTermodinámica. |
| 700 | 1 |
_aBuckius, Richard O., _eautor. |
|
| 700 | 1 |
_aVelasco Ayala, Ileana, _eautor. |
|
| 910 |
_ajck _bjvq _cjck |
||
| 942 |
_2ddc _cBOOK |
||
| 949 |
_a536.7 H79 _wDEWEY _c1 _i41412 _lCCODEBUL1 _mBUL _r0 _sY _tBOOK _u2015-6-16 _xINGENIERIA _zUNKNOWN _0COMPRA _o.STAFF. Colección General |
||
| 994 |
_aC0 _bPEPRU |
||
| 596 | _a1 | ||
| 999 |
_a536.7 H79 _wDEWEY _c59079 _i41412 _d59079 _e2019-3-14 _f2021-11-5 _g7 _lCCODEBUL1 _mBUL _n2 _r0 _sN _tBOOK _u2015-6-16 _xBIBLIOTECA _zUNKNOWN _0COMPRA _o.STAFF. Colección General |
||
| 980 |
_81 _gALBERTO SANCHEZ Responsable de Automatización |
||